<?xml version="1.0" encoding="UTF-8"?><?xml-stylesheet type="text/xsl" href="static/style.xsl"?><OAI-PMH xmlns="http://www.openarchives.org/OAI/2.0/" xmlns:xsi="http://www.w3.org/2001/XMLSchema-instance" xsi:schemaLocation="http://www.openarchives.org/OAI/2.0/ http://www.openarchives.org/OAI/2.0/OAI-PMH.xsd"><responseDate>2026-04-27T12:34:58Z</responseDate><request verb="GetRecord" identifier="oai:uvadoc.uva.es:10324/1032" metadataPrefix="marc">https://uvadoc.uva.es/oai/request</request><GetRecord><record><header><identifier>oai:uvadoc.uva.es:10324/1032</identifier><datestamp>2025-02-19T07:59:43Z</datestamp><setSpec>com_10324_30605</setSpec><setSpec>com_10324_894</setSpec><setSpec>col_10324_41</setSpec></header><metadata><record xmlns="http://www.loc.gov/MARC21/slim" xmlns:doc="http://www.lyncode.com/xoai" xmlns:xsi="http://www.w3.org/2001/XMLSchema-instance" xmlns:dcterms="http://purl.org/dc/terms/" xsi:schemaLocation="http://www.loc.gov/MARC21/slim http://www.loc.gov/standards/marcxml/schema/MARC21slim.xsd">
<leader>00925njm 22002777a 4500</leader>
<datafield tag="042" ind1=" " ind2=" ">
<subfield code="a">dc</subfield>
</datafield>
<datafield tag="720" ind1=" " ind2=" ">
<subfield code="a">Diez Saiz, Javier</subfield>
<subfield code="e">author</subfield>
</datafield>
<datafield tag="260" ind1=" " ind2=" ">
<subfield code="c">2012</subfield>
</datafield>
<datafield tag="520" ind1=" " ind2=" ">
<subfield code="a">Se hace una revisión del concepto de apoyo psicológico en relación con la conducta prosocial o altruista, también se revisan distintas aportaciones de este concepto desde distintas áreas de conocimiento. Se enmarca y propone el concepto de apoyo psicológico desde un enfoque de campo y de proceso. Se plantea una clasificación en cinco ejes, sobre factores que configuran el apoyo psicológico. Estudio empírico sobre distintos tipos de respuestas ante situaciones de vulnerabilidad. Se tipifican los tipos de conductas de apoyo ante situaciones de vulnerabilidad concretándose en ocho. Se analizan los tipos de respuestas más habituales. Se comparan las respuestas en función de las variables: experiencia universitaria, género y titulación. Se crea un índice sobre la acumulación de respuestas entorno a un patrón determinado y también se compara la significatividad de las diferencias en función de las variables antes mencionadas.</subfield>
</datafield>
<datafield tag="024" ind2=" " ind1="8">
<subfield code="a">http://uvadoc.uva.es/handle/10324/1032</subfield>
</datafield>
<datafield tag="024" ind2=" " ind1="8">
<subfield code="a">b1644160</subfield>
</datafield>
<datafield tag="024" ind2=" " ind1="8">
<subfield code="a">10.35376/10324/1032</subfield>
</datafield>
<datafield ind1=" " ind2=" " tag="653">
<subfield code="a">Psicología</subfield>
</datafield>
<datafield ind1=" " ind2=" " tag="653">
<subfield code="a">Conducta de ayuda</subfield>
</datafield>
<datafield ind1=" " ind2=" " tag="653">
<subfield code="a">Relaciones humanas</subfield>
</datafield>
<datafield ind1=" " ind2=" " tag="653">
<subfield code="a">Altruismo</subfield>
</datafield>
<datafield tag="245" ind1="0" ind2="0">
<subfield code="a">Apoyo psicológico: un enfoque de campo</subfield>
</datafield>
</record></metadata></record></GetRecord></OAI-PMH>